00429nam a22001577a 45000010005000000030009000050050017000140070005000310080028000360400022000641000020000862450058001062600051001643000026002155210030002410153DO-SdBNP20151126093316.00153151005b1975 gt 00| 0 spa d aBPMSUbspacBPMSU aBaldor, Aurelio10aAritmética cAurelio Baldorbteorico - práctica / aGuatemala :bCultural centroamericana, c1975. a639 p. :bil.c23 cm.1 aA partir de los 12 años